[Event "Europa ch Femenino 2013"]
[Site "Belgrado SER"]
[Date "2013.08.02"]
[Round "10.49"]
[White "Stjazhkina, Olga"]
[Black "Baraeva, Marina"]
[Result "1/2-1/2"]
[WhiteElo "2243"]
[BlackElo "2185"]
[PlyCount "81"]
[EventDate "2013.07.23"]
[EventType "swiss"]
[EventRounds "11"]
[EventCountry "SER"]
[Source "lmi"]
[SourceDate "2013.07.22"]

1. e4 e6 2. d4 d5 3. Nd2 c5 4. exd5 Qxd5 5. Ngf3 cxd4 6. Bc4 Qd6 7. O-O Nf6 8.
Nb3 Nc6 9. Nbxd4 Nxd4 10. Nxd4 a6 11. Re1 Qc7 12. Qe2 Bc5 13. c3 h6 14. Bb3 O-O
15. Qf3 e5 16. Nf5 Bxf5 17. Qxf5 Qb6 18. Rxe5 Bxf2+ 19. Kh1 Rae8 20. Bf4 Rxe5
21. Bxe5 Qc5 22. Rf1 Re8 23. Qxf2 Qxe5 24. Bd1 Re7 25. Bf3 Ne4 26. Bxe4 Qxe4
27. h3 Qe2 28. Kg1 b5 29. Qxe2 Rxe2 30. Rf2 Re1+ 31. Rf1 Re2 32. Rf2 Re1+ 33.
Rf1 Re2 34. Rf2 Re1+ 35. Rf1 Re2 36. Rf2 Re1+ 37. Rf1 Re2 38. Rf2 Re1+ 39. Rf1
Re2 40. Rf2 Re1+ 41. Rf1 1/2-1/2

[Event "Europa ch Femenino 2013"]
[Site "Belgrado SER"]
[Date "2013.08.02"]
[Round "10.50"]
[White "Gueci, Tea"]
[Black "Balaian, Alina"]
[Result "0-1"]
[WhiteElo "2018"]
[BlackElo "2237"]
[PlyCount "80"]
[EventDate "2013.07.23"]
[EventType "swiss"]
[EventRounds "11"]
[EventCountry "SER"]
[Source "lmi"]
[SourceDate "2013.07.22"]

1. e4 e6 2. d4 d5 3. Nd2 a6 4. c3 c5 5. exd5 cxd4 6. cxd4 Qxd5 7. Ngf3 Nf6 8.
Bc4 Qd8 9. O-O Bd6 10. Ne5 O-O 11. Ndf3 b5 12. Bb3 h6 13. Re1 Bb7 14. Bf4 Nd5
15. Bg3 Bb4 16. Re2 Nc6 17. Bc2 Nce7 18. Qd3 Nf5 19. Nh4 Nde7 20. Rd1 Rc8 21.
Nxf5 exf5 22. Qb3 Bd6 23. Bf4 Nd5 24. Qg3 g5 25. Bc1 f6 26. Bxf5 Bxe5 27. Rxe5
fxe5 28. Be6+ Kg7 29. Qxe5+ Qf6 30. Bxc8 Qxe5 31. dxe5 Rxc8 32. h4 gxh4 33. Kh2
Rc2 34. f4 Kg6 35. Kh3 Kf5 36. g4+ hxg3 37. Kxg3 h5 38. Rh1 Nxf4 39. Rf1 Rg2+
40. Kh4 Rg4# 0-1

[Event "Europa ch Femenino 2013"]
[Site "Belgrado SER"]
[Date "2013.08.02"]
[Round "10.51"]
[White "Shulakova, Svetlana"]
[Black "Vojinovic, Jovana"]
[Result "0-1"]
[WhiteElo "2194"]
[BlackElo "2376"]
[PlyCount "116"]
[EventDate "2013.07.23"]
[EventType "swiss"]
[EventRounds "11"]
[EventCountry "SER"]
[Source "lmi"]
[SourceDate "2013.07.22"]

1. Nf3 Nf6 2. c4 g6 3. d4 Bg7 4. Nc3 O-O 5. e4 d6 6. Be2 e5 7. O-O Nbd7 8. Bg5
h6 9. Bh4 c6 10. Qd2 Qe8 11. d5 c5 12. Ne1 a6 13. a4 Nh7 14. Nd3 g5 15. Bg3
Ndf6 16. a5 b5 17. axb6 Qd8 18. b4 cxb4 19. Nxb4 Qxb6 20. Nc6 Re8 21. Rfb1 Qc7
22. Nb5 Qd7 23. f3 Nh5 24. Bf2 Nf4 25. Bf1 g4 26. fxg4 Ng5 27. Qc2 Bf8 28. h3
h5 29. Bh4 Nfxh3+ 30. Kh1 axb5 31. Rxa8 Qxg4 32. Bxg5 Nxg5 33. Ra3 Nxe4 34. Rf3
Bf5 35. Rbb3 bxc4 36. Bxc4 Bg6 37. Qc1 Nc5 38. Ra3 Kh7 39. Rg3 Bh6 40. Qf1 Qe4
41. Ra7 Bf4 42. Rh3 Kg7 43. Ba2 Bg5 44. Rg3 Qh4+ 45. Rh3 Qg4 46. Bb1 Ne4 47.
Raa3 Nd2 48. Qe1 Nxb1 49. Rag3 Qf4 50. Rf3 Qc1 51. Qxc1 Bxc1 52. Rf1 Bf4 53.
Re1 Nd2 54. Ra3 Be4 55. Nb4 Rb8 56. Nd3 Nb1 57. Nxf4 Nxa3 58. Nxh5+ Kg6 0-1

[Event "Europa ch Femenino 2013"]
[Site "Belgrado SER"]
[Date "2013.08.02"]
[Round "10.53"]
[White "Gavasheli, Ana"]
[Black "Videnova, Iva"]
[Result "0-1"]
[WhiteElo "2170"]
[BlackElo "2301"]
[PlyCount "76"]
[EventDate "2013.07.23"]
[EventType "swiss"]
[EventRounds "11"]
[EventCountry "SER"]
[Source "lmi"]
[SourceDate "2013.07.22"]

1. c4 c5 2. Nf3 g6 3. d4 Bg7 4. Nc3 cxd4 5. Nxd4 Nc6 6. Nxc6 bxc6 7. e4 d6 8.
Be3 Nf6 9. Be2 O-O 10. O-O Nd7 11. f4 Qa5 12. Qc2 Nc5 13. a3 Bxc3 14. bxc3 Qa4
15. Qxa4 Nxa4 16. f5 Ba6 17. Rf3 f6 18. h4 Kf7 19. g4 gxf5 20. Rxf5 Nxc3 21.
Bd3 Bc8 22. Rh5 Bxg4 23. Rxh7+ Ke6 24. c5 Rg8 25. Kh2 d5 26. exd5+ cxd5 27. Re1
Ne4 28. Bxe4 dxe4 29. Bf4 Bf5 30. Rh5 Rac8 31. Be3 Rb8 32. Rf1 Bg4 33. Rh7 Bf3
34. Rg1 Rb2+ 35. Kh3 Bg2+ 36. Kh2 Re2 37. Bd4 e3 38. Bxe3 Be4+ 0-1

[Event "Europa ch Femenino 2013"]
[Site "Belgrado SER"]
[Date "2013.08.02"]
[Round "10.55"]
[White "Franciskovic, Borka"]
[Black "Nonkovic, Bogdana"]
[Result "1-0"]
[WhiteElo "2277"]
[BlackElo "2081"]
[PlyCount "43"]
[EventDate "2013.07.23"]
[EventType "swiss"]
[EventRounds "11"]
[EventCountry "SER"]
[Source "lmi"]
[SourceDate "2013.07.22"]

1. c4 e6 2. Nf3 d5 3. g3 c5 4. cxd5 exd5 5. d4 Nc6 6. Bg2 Nf6 7. O-O Be7 8.
dxc5 O-O 9. Be3 Ne4 10. Nc3 Nxc3 11. bxc3 Be6 12. Nd4 Qa5 13. Rb1 Qxa2 14. Rxb7
Qa6 15. Rb1 Ne5 16. Bf4 Nc4 17. e4 Bxc5 18. Nxe6 fxe6 19. exd5 e5 20. d6 Rad8
21. Qd5+ Kh8 22. Bg5 1-0

[Event "Europa ch Femenino 2013"]
[Site "Belgrado SER"]
[Date "2013.08.02"]
[Round "10.56"]
[White "Khalafova, Narmin"]
[Black "Mamedjarova, Turkan"]
[Result "1/2-1/2"]
[WhiteElo "2107"]
[BlackElo "2267"]
[PlyCount "24"]
[EventDate "2013.07.23"]
[EventType "swiss"]
[EventRounds "11"]
[EventCountry "SER"]
[Source "lmi"]
[SourceDate "2013.07.22"]

1. c4 Nf6 2. Nc3 e6 3. e4 d6 4. d4 Nc6 5. Nf3 Be7 6. Bd3 O-O 7. O-O Nb4 8. Bb1
Nc6 9. Bd3 Nb4 10. Bb1 Nc6 11. Bd3 Nb4 12. Bb1 Nc6 1/2-1/2

[Event "Europa ch Femenino 2013"]
[Site "Belgrado SER"]
[Date "2013.08.02"]
[Round "10.57"]
[White "Egorova, Ayyyna"]
[Black "Abdulla, Khayala"]
[Result "0-1"]
[WhiteElo "1991"]
[BlackElo "2241"]
[PlyCount "134"]
[EventDate "2013.07.23"]
[EventType "swiss"]
[EventRounds "11"]
[EventCountry "SER"]
[Source "lmi"]
[SourceDate "2013.07.22"]

1. e4 c5 2. Nf3 e6 3. c4 Nc6 4. Nc3 e5 5. d3 g6 6. Be3 d6 7. g3 Bg7 8. Qd2 Nge7
9. Bh6 Bxh6 10. Qxh6 Bg4 11. Bg2 Bxf3 12. Bxf3 Nd4 13. Bd1 Qd7 14. Ba4 Nec6 15.
Nb5 Nf3+ 16. Kf1 f5 17. Kg2 fxe4 18. dxe4 Rf8 19. b4 Nfd4 20. bxc5 dxc5 21. Qg5
Qe7 22. Qxe7+ Kxe7 23. Nc7 Rac8 24. Nd5+ Kd6 25. f4 Na5 26. Rab1 b6 27. Bb5 Ke6
28. Ba6 Rcd8 29. Rhf1 Nac6 30. a4 Rf7 31. Rb2 Nb8 32. Bb5 a6 33. Nxb6 axb5 34.
cxb5 Rb7 35. Nc4 Nd7 36. b6 Ra8 37. a5 Nc6 38. Ra1 Ra6 39. Rd2 Nd4 40. Rf1 Nb3
41. Rd6+ Ke7 42. Rd3 Nxa5 43. Ra1 Nxc4 44. Rxa6 Ncxb6 45. fxe5 Nxe5 46. Rb3
Ned7 47. Kf2 Kd6 48. Ke2 Ke5 49. Ra4 Rc7 50. Ra6 Nc4 51. Kd3 Nd6 52. Rba3 Nxe4
53. Ra7 c4+ 54. Kc2 Rxa7 55. Rxa7 Ndf6 56. h3 Nxg3 57. Kc3 Kf4 58. Kxc4 Kg5 59.
Kd4 Kf4 60. Rf7 Nge4 61. Ra7 g5 62. Ra3 h5 63. Ra6 h4 64. Rb6 Nh5 65. Rb8 Nef6
66. Rb6 Ne4 67. Rb8 Nhg3 0-1

[Event "Europa ch Femenino 2013"]
[Site "Belgrado SER"]
[Date "2013.08.02"]
[Round "10.58"]
[White "Petrovic, Marija"]
[Black "Kaps, Darja"]
[Result "0-1"]
[WhiteElo "2104"]
[BlackElo "2235"]
[PlyCount "112"]
[EventDate "2013.07.23"]
[EventType "swiss"]
[EventRounds "11"]
[EventCountry "SER"]
[Source "lmi"]
[SourceDate "2013.07.22"]

1. Nf3 g6 2. d3 Bg7 3. e4 c5 4. g3 Nc6 5. c3 d6 6. Bg2 Nf6 7. O-O O-O 8. Nbd2
Bd7 9. h3 b5 10. Kh2 Rb8 11. Re1 Qc7 12. d4 cxd4 13. Nxd4 e5 14. Nxc6 Bxc6 15.
Nf1 h6 16. Qd3 Qb7 17. Nd2 Rfd8 18. Nb3 Qc7 19. c4 a5 20. Bd2 b4 21. Be3 a4 22.
Nd2 Nd7 23. b3 Nc5 24. Qc2 Qb7 25. Rad1 f5 26. f3 Rf8 27. Bg1 h5 28. Nf1 axb3
29. axb3 fxe4 30. fxe4 Qe7 31. Ne3 h4 32. gxh4 Bh6 33. Nd5 Qxh4 34. Rf1 Rxf1
35. Rxf1 Bxd5 36. cxd5 Bf4+ 37. Kh1 Qg3 38. Rf3 Qe1 39. Rf1 Qc3 40. Qa2 Rf8 41.
Qa7 Nxe4 42. Rxf4 Ng3+ 43. Kh2 Rxf4 44. Qb8+ Kg7 45. Qxd6 Ne2 46. Qe7+ Rf7 47.
Qg5 Nxg1 48. Kxg1 Qd4+ 49. Kh1 Qf4 50. Qxf4 Rxf4 51. Kh2 Kf6 52. Kg3 g5 53. Bf3
e4 54. Be2 Ke5 55. Bc4 e3 56. Be2 Kxd5 0-1

[Event "Europa ch Femenino 2013"]
[Site "Belgrado SER"]
[Date "2013.08.02"]
[Round "10.59"]
[White "Isgandarova, Khayala"]
[Black "Azimova, Karina"]
[Result "1/2-1/2"]
[WhiteElo "2219"]
[BlackElo "2037"]
[PlyCount "85"]
[EventDate "2013.07.23"]
[EventType "swiss"]
[EventRounds "11"]
[EventCountry "SER"]
[Source "lmi"]
[SourceDate "2013.07.22"]

1. e4 e5 2. Nf3 d6 3. d4 exd4 4. Nxd4 Nf6 5. Nc3 Be7 6. Be2 O-O 7. O-O Re8 8.
f4 Bf8 9. Bf3 Nbd7 10. Re1 Nc5 11. g3 c6 12. a4 a5 13. Kh1 Qc7 14. b3 Bd7 15.
Bb2 Rad8 16. Qd2 Bc8 17. Qg2 Bg4 18. Bxg4 Nxg4 19. h3 Nf6 20. Rad1 d5 21. exd5
Rxe1+ 22. Rxe1 Nxd5 23. Nxd5 Rxd5 24. Nf3 Qd8 25. Qe2 Ne6 26. Be5 h6 27. Kh2
Bb4 28. c3 Bf8 29. Qe4 Rd1 30. Re2 Qd3 31. Qxd3 Rxd3 32. Kg2 f6 33. f5 Nc5 34.
Bc7 Rxc3 35. Re8 Kf7 36. Rb8 Rxb3 37. Nh4 Na6 38. Rc8 Nxc7 39. Rxc7+ Ke8 40.
Rc8+ Kf7 41. Rc7+ Ke8 42. Rc8+ Kf7 43. Rc7+ 1/2-1/2

[Event "Europa ch Femenino 2013"]
[Site "Belgrado SER"]
[Date "2013.08.02"]
[Round "10.60"]
[White "Hairapetian, Anna"]
[Black "Serefidou, Despina"]
[Result "1-0"]
[WhiteElo "2214"]
[BlackElo "1971"]
[PlyCount "129"]
[EventDate "2013.07.23"]
[EventType "swiss"]
[EventRounds "11"]
[EventCountry "SER"]
[Source "lmi"]
[SourceDate "2013.07.22"]

1. e4 e5 2. Nf3 Nc6 3. Bb5 a6 4. Ba4 Nf6 5. O-O Be7 6. Re1 b5 7. Bb3 O-O 8. d3
d6 9. c3 Na5 10. Bc2 c5 11. d4 cxd4 12. cxd4 Nc6 13. d5 Nb4 14. Bb3 a5 15. a3
Na6 16. Nc3 Qb6 17. Bc2 Nc5 18. Bd2 Bg4 19. b4 axb4 20. axb4 Rxa1 21. Qxa1 Na6
22. Be3 Qb7 23. Qb2 Bxf3 24. gxf3 Nh5 25. Bd3 Nc7 26. Ra1 Nf4 27. Ra7 Qb8 28.
Bf1 f5 29. Qa1 fxe4 30. fxe4 Qc8 31. Ne2 Rf6 32. Ng3 Bd8 33. Bb6 Rf7 34. Qc3 h5
35. Qc6 h4 36. Bxc7 hxg3 37. hxg3 Rxc7 38. Rxc7 Bxc7 39. gxf4 Qg4+ 40. Bg2 exf4
41. f3 Qh4 42. Kf1 Qd8 43. Bh3 Kf8 44. Qxb5 Qa8 45. Qc6 Qa1+ 46. Ke2 Qb2+ 47.
Kd3 Qb3+ 48. Qc3 Qd1+ 49. Kc4 Qe2+ 50. Kb3 Bd8 51. Bg4 Qb5 52. Qc8 Qd3+ 53. Ka4
Qd1+ 54. Kb5 Qd3+ 55. Kc6 Qc4+ 56. Kd7 Qxc8+ 57. Kxc8 Ke7 58. Kb7 Ke8 59. Kc6
Bf6 60. b5 Kd8 61. Kxd6 Bd4 62. Bf5 Bb6 63. Kc6 Bc7 64. d6 Bb8 65. e5 1-0

[Event "Europa ch Femenino 2013"]
[Site "Belgrado SER"]
[Date "2013.08.02"]
[Round "10.61"]
[White "Manakova, Maria"]
[Black "Visanescu, Daria-Ioana"]
[Result "1-0"]
[WhiteElo "2351"]
[BlackElo "2061"]
[PlyCount "91"]
[EventDate "2013.07.23"]
[EventType "swiss"]
[EventRounds "11"]
[EventCountry "SER"]
[Source "lmi"]
[SourceDate "2013.07.22"]

1. e4 c5 2. f4 d6 3. Nf3 Nc6 4. Bb5 Bd7 5. c3 e6 6. Qe2 Nf6 7. O-O Be7 8. Kh1
a6 9. Ba4 O-O 10. Bc2 Ne8 11. d3 d5 12. Be3 f6 13. Nbd2 b6 14. Qf2 Nd6 15. a3
a5 16. Rae1 f5 17. exd5 exd5 18. Bb3 Kh8 19. Bxd5 Rc8 20. Nc4 Nxc4 21. Bxc4 Bf6
22. Bc1 Qc7 23. Ng5 Bxg5 24. fxg5 Qd6 25. Bf4 Qg6 26. Re3 Rce8 27. Rfe1 Rxe3
28. Rxe3 Re8 29. h3 Na7 30. Qe2 Rxe3 31. Qxe3 Nc8 32. Qe5 Qc6 33. Bd5 Qg6 34.
Kh2 Qh5 35. d4 cxd4 36. cxd4 Qg6 37. b3 Qe8 38. Qxe8+ Bxe8 39. Be6 Ne7 40. d5
Ng6 41. Bc7 a4 42. bxa4 Bxa4 43. Bxf5 Ne7 44. Be4 Nc8 45. d6 Bd7 46. Bf3 1-0

[Event "Europa ch Femenino 2013"]
[Site "Belgrado SER"]
[Date "2013.08.02"]
[Round "10.62"]
[White "Blagojevic, Tijana"]
[Black "Benderac, Ana"]
[Result "0-1"]
[WhiteElo "2058"]
[BlackElo "2225"]
[PlyCount "92"]
[EventDate "2013.07.23"]
[EventType "swiss"]
[EventRounds "11"]
[EventCountry "SER"]
[Source "lmi"]
[SourceDate "2013.07.22"]

1. e4 d6 2. d4 g6 3. Nc3 Bg7 4. f4 c6 5. Nf3 Nf6 6. Bd3 O-O 7. O-O d5 8. e5 Ne8
9. Qe1 b6 10. Kh1 Ba6 11. e6 f5 12. Bxa6 Nxa6 13. Ne5 Bxe5 14. fxe5 Ng7 15. Bh6
Nc7 16. Qh4 Ncxe6 17. Rf3 Rf7 18. Raf1 Qd7 19. Ne2 c5 20. dxc5 bxc5 21. Rd1 Rd8
22. b3 Qc7 23. Nf4 Nxf4 24. Bxf4 Ne6 25. Rfd3 Nxf4 26. Qxf4 e6 27. h4 Rg7 28.
c4 Rgd7 29. h5 dxc4 30. Qxc4 Rxd3 31. Rxd3 Rxd3 32. Qxd3 Qxe5 33. hxg6 Qe1+ 34.
Kh2 Qh4+ 35. Kg1 Qd4+ 36. Qxd4 cxd4 37. gxh7+ Kxh7 38. b4 Kg7 39. a4 Kf7 40. b5
Ke7 41. a5 Kd7 42. Kf2 e5 43. Ke2 e4 44. g3 Kd6 45. Kd2 Kc5 46. b6 Kc6 0-1

[Event "Europa ch Femenino 2013"]
[Site "Belgrado SER"]
[Date "2013.08.02"]
[Round "10.63"]
[White "Utiatskaja, Irina"]
[Black "Djukic, Sandra"]
[Result "1/2-1/2"]
[WhiteElo "2047"]
[BlackElo "2197"]
[PlyCount "106"]
[EventDate "2013.07.23"]
[EventType "swiss"]
[EventRounds "11"]
[EventCountry "SER"]
[Source "lmi"]
[SourceDate "2013.07.22"]

1. e4 c5 2. Nf3 a6 3. c3 b5 4. d4 cxd4 5. cxd4 d5 6. exd5 Nf6 7. Nc3 Bb7 8. Bd3
Nxd5 9. O-O e6 10. Ne5 Nd7 11. a4 Nxe5 12. dxe5 Nxc3 13. bxc3 Qd5 14. Qf3 O-O-O
15. Qxd5 Rxd5 16. Rd1 Bc5 17. Bf4 bxa4 18. Bc2 Rxd1+ 19. Bxd1 a3 20. Bc1 Rd8
21. Be2 Rd5 22. Bxa3 Bxa3 23. Rxa3 Rxe5 24. Kf1 a5 25. g4 Kc7 26. f4 Re4 27.
Rxa5 Rxf4+ 28. Ke1 Bf3 29. Bxf3 Rxf3 30. Kd2 Kd6 31. Ra7 g5 32. Rb7 h6 33. c4
e5 34. Ke2 e4 35. Rb6+ Kc5 36. Rxh6 Kxc4 37. h4 gxh4 38. Rxh4 Kd4 39. Rh7 Rg3
40. Rxf7 Rg2+ 41. Kf1 Rxg4 42. Kf2 Rg6 43. Rd7+ Ke5 44. Re7+ Kf5 45. Rf7+ Rf6
46. Rxf6+ Kxf6 47. Ke3 Kf5 48. Ke2 Kf4 49. Kf2 e3+ 50. Ke2 Ke4 51. Ke1 Kf3 52.
Kf1 e2+ 53. Ke1 Ke3 1/2-1/2

[Event "Europa ch Femenino 2013"]
[Site "Belgrado SER"]
[Date "2013.08.02"]
[Round "10.64"]
[White "Khropova, Larisa"]
[Black "Petrukhina, Irina"]
[Result "0-1"]
[WhiteElo "1987"]
[BlackElo "2190"]
[PlyCount "94"]
[EventDate "2013.07.23"]
[EventType "swiss"]
[EventRounds "11"]
[EventCountry "SER"]
[Source "lmi"]
[SourceDate "2013.07.22"]

1. d4 Nf6 2. c4 g6 3. Nc3 d5 4. Bf4 Bg7 5. e3 c5 6. dxc5 Qa5 7. Qa4+ Qxa4 8.
Nxa4 O-O 9. Rc1 Bd7 10. Nc3 Rc8 11. cxd5 Rxc5 12. e4 b5 13. Be3 Rc8 14. f3 b4
15. Nb5 Rxc1+ 16. Bxc1 a6 17. Nd4 Nxd5 18. Nc2 Nb6 19. Nxb4 Na4 20. Nd3 Nc6 21.
Ne2 Rd8 22. b3 Bc8 23. Nef4 Nc3 24. Be3 e5 25. Nh3 Bxh3 26. gxh3 Nxa2 27. Be2
f5 28. Kf2 fxe4 29. fxe4 Rf8+ 30. Ke1 Nc3 31. Nc5 a5 32. Bc4+ Kh8 33. Kd2 Rf3
34. Be6 Bf8 35. Kxc3 Bxc5 36. Kc4 Bxe3 37. Bg4 Rf6 38. Kd5 Bd4 39. Be6 Nb4+ 40.
Kd6 Na6 41. Ke7 Kg7 42. Bd5 Nc5 43. Rb1 Bc3 44. Rd1 Bb4 45. Ke8 Rf8+ 46. Ke7
Nxe4+ 47. Kd7 Nf6+ 0-1

[Event "Europa ch Femenino 2013"]
[Site "Belgrado SER"]
[Date "2013.08.02"]
[Round "10.65"]
[White "Kezele, Tamara"]
[Black "Makka, Ioulia"]
[Result "0-1"]
[WhiteElo "1994"]
[BlackElo "2171"]
[PlyCount "122"]
[EventDate "2013.07.23"]
[EventType "swiss"]
[EventRounds "11"]
[EventCountry "SER"]
[Source "lmi"]
[SourceDate "2013.07.22"]

1. e4 c6 2. d4 d5 3. exd5 cxd5 4. Bd3 Nc6 5. c3 Nf6 6. h3 g6 7. Nf3 Bg7 8. O-O
O-O 9. Re1 Bf5 10. Bxf5 gxf5 11. Ne5 Ne4 12. Nxc6 bxc6 13. Bf4 e6 14. Nd2 Qh4
15. Qf3 Kh8 16. Nxe4 fxe4 17. Qe3 Rg8 18. Kh2 f5 19. b4 Qe7 20. a4 Bf6 21. Reb1
a6 22. b5 axb5 23. axb5 Rxa1 24. Rxa1 cxb5 25. Rb1 Qe8 26. g3 Rg7 27. Bd6 Qc6
28. Qf4 Rf7 29. Bc5 Rb7 30. Qh6 Bg7 31. Qg5 Qe8 32. h4 h6 33. Qc1 Kh7 34. Ra1
Rf7 35. Ra6 f4 36. Bd6 fxg3+ 37. Bxg3 Rf3 38. Ra7 Qg6 39. Qe1 Rf7 40. Rxf7 Qxf7
41. Qb1 Qd7 42. Qb4 Kg6 43. Qb2 Qc6 44. Qb4 Kf7 45. Qa5 Qd7 46. Qb6 h5 47. Qb8
Bf6 48. Qf4 Kg6 49. Qb8 Qd8 50. Qf4 Qc8 51. Qd6 Kf7 52. Qb4 Be7 53. Qb2 Qc4 54.
Qd2 Kg6 55. Qf4 Qxc3 56. Qb8 Kf7 57. Qf4+ Bf6 58. Qh6 Qf3 59. Qh7+ Bg7 60. Be5
Qxf2+ 61. Kh3 Qf5+ 0-1

[Event "Europa ch Femenino 2013"]
[Site "Belgrado SER"]
[Date "2013.08.02"]
[Round "10.66"]
[White "Velikic, Adela"]
[Black "Batyte, Daiva"]
[Result "1/2-1/2"]
[WhiteElo "1992"]
[BlackElo "2161"]
[PlyCount "191"]
[EventDate "2013.07.23"]
[EventType "swiss"]
[EventRounds "11"]
[EventCountry "SER"]
[Source "lmi"]
[SourceDate "2013.07.22"]

1. e4 b6 2. d4 Bb7 3. Bd3 c5 4. c3 cxd4 5. cxd4 Nc6 6. Nf3 e6 7. a3 Nf6 8. Nc3
d6 9. O-O Be7 10. d5 exd5 11. exd5 Ne5 12. Bb5+ Kf8 13. Re1 a6 14. Bf1 Nxf3+
15. Qxf3 Rc8 16. Bf4 h6 17. Rad1 b5 18. Bd3 Rc7 19. Re2 Bc8 20. h3 g5 21. Be3
g4 22. Qf4 Nh5 23. Qb4 Rb7 24. hxg4 Nf6 25. Bf5 h5 26. Bxc8 Qxc8 27. g5 Ng4 28.
Bf4 a5 29. Qd4 Rg8 30. Rde1 Ne5 31. Bxe5 dxe5 32. Rxe5 Rg6 33. Ne4 Qc4 34. Qxc4
bxc4 35. Re2 Rgb6 36. d6 Bxd6 37. Nxd6 Rxd6 38. Rxa5 Rd1+ 39. Kh2 Rb1 40. Rc5
R1xb2 41. Rxb2 Rxb2 42. f3 Rc2 43. a4 c3 44. a5 Ra2 45. Rxc3 Rxa5 46. f4 Kg7
47. Rc6 Ra4 48. Rf6 Rb4 49. g3 Rb2+ 50. Kh3 Rb1 51. Rh6 f5 52. Rf6 Rb5 53. Ra6
Rc5 54. Re6 Rc1 55. Rf6 Rc5 56. Ra6 Rb5 57. Kh4 Rb1 58. g6 Rg1 59. Rb6 Kh6 60.
Kh3 Rh1+ 61. Kg2 Ra1 62. Rf6 Ra5 63. Kh3 Rb5 64. Kh4 Ra5 65. Rb6 Ra3 66. Rf6
Ra5 67. g7+ Kxg7 68. Kg5 Ra3 69. Rg6+ Kf7 70. Kxh5 Ra8 71. Kg5 Ra3 72. Rf6+ Kg7
73. Rxf5 Rxg3+ 74. Kh4 Ra3 75. Rb5 Kf6 76. Kg4 Ra6 77. Rh5 Ra1 78. Rh6+ Kf7 79.
Rb6 Ra5 80. Rh6 Kg7 81. Rb6 Kf7 82. Rh6 Rb5 83. Rh5 Rb6 84. Kf5 Rf6+ 85. Ke5
Re6+ 86. Kf5 Rf6+ 87. Kg4 Rg6+ 88. Rg5 Ra6 89. Rb5 Rg6+ 90. Kf3 Ra6 91. Ke4 Kf6
92. Rb4 Rc6 93. Kf3 Rc1 94. Rb6+ Kf5 95. Rb5+ Kf6 96. Rb6+ 1/2-1/2

[Event "Europa ch Femenino 2013"]
[Site "Belgrado SER"]
[Date "2013.08.02"]
[Round "10.67"]
[White "Todorovic, Violeta"]
[Black "Bejatovic, Bojana"]
[Result "1-0"]
[WhiteElo "2117"]
[BlackElo "2002"]
[PlyCount "81"]
[EventDate "2013.07.23"]
[EventType "swiss"]
[EventRounds "11"]
[EventCountry "SER"]
[Source "lmi"]
[SourceDate "2013.07.22"]

1. Nf3 f5 2. c4 Nf6 3. g3 d6 4. d4 g6 5. b4 Bg7 6. Bb2 O-O 7. Bg2 Qe8 8. Qc2
Nbd7 9. d5 e5 10. dxe6 Qxe6 11. O-O Ne5 12. Nbd2 c6 13. e3 Bd7 14. Rad1 Rad8
15. b5 cxb5 16. Nd4 Qe8 17. cxb5 d5 18. Qb3 Bc8 19. Qa3 a6 20. Bc3 axb5 21. Ba5
Rd7 22. Nxb5 Ne4 23. Nxe4 dxe4 24. Bb4 Rf6 25. Nd6 Qd8 26. Rc1 Nc6 27. Nxc8
Qxc8 28. Bc3 Rfd6 29. Bxg7 Kxg7 30. Qb2+ Kg8 31. Rc2 Qd8 32. Rfc1 Rd1+ 33. Bf1
h5 34. h4 Kh7 35. Rxd1 Rxd1 36. Qxb7+ Ne7 37. Rc7 Rxf1+ 38. Kxf1 Qd1+ 39. Kg2
Qf3+ 40. Kg1 Qd1+ 41. Kh2 1-0

[Event "Europa ch Femenino 2013"]
[Site "Belgrado SER"]
[Date "2013.08.02"]
[Round "10.68"]
[White "Bokuchava, Madona"]
[Black "Dizdarevic, Barbara"]
[Result "1-0"]
[WhiteElo "2109"]
[BlackElo "1981"]
[PlyCount "61"]
[EventDate "2013.07.23"]
[EventType "swiss"]
[EventRounds "11"]
[EventCountry "SER"]
[Source "lmi"]
[SourceDate "2013.07.22"]

1. d4 Nf6 2. Nf3 g6 3. Bg5 Ne4 4. Bf4 Bg7 5. Nbd2 d5 6. e3 Nd7 7. Nxe4 dxe4 8.
Nd2 f5 9. h4 Nf6 10. c3 e6 11. Be2 h6 12. g4 Nd5 13. Bg3 g5 14. hxg5 hxg5 15.
Rxh8+ Bxh8 16. gxf5 exf5 17. Bb5+ Kf8 18. Qh5 Bf6 19. O-O-O c6 20. Bc4 Be6 21.
Qh6+ Ke8 22. Be5 Kf7 23. Qh7+ Kf8 24. Qg6 Bxe5 25. Qxe6 Bf6 26. Qxf5 b5 27.
Bxd5 cxd5 28. Rh1 Ke7 29. Rh7+ Kd6 30. Rh6 Ke7 31. Qxf6+ 1-0

[Event "Europa ch Femenino 2013"]
[Site "Belgrado SER"]
[Date "2013.08.02"]
[Round "10.69"]
[White "Kruljac, Petra"]
[Black "Gurcan, Aytolun"]
[Result "1/2-1/2"]
[WhiteElo "2092"]
[BlackElo "1705"]
[PlyCount "43"]
[EventDate "2013.07.23"]
[EventType "swiss"]
[EventRounds "11"]
[EventCountry "SER"]
[Source "lmi"]
[SourceDate "2013.07.22"]

1. d4 d5 2. c4 dxc4 3. Nf3 a6 4. e3 b5 5. a4 Bb7 6. b3 e6 7. axb5 axb5 8. Rxa8
Bxa8 9. bxc4 bxc4 10. Bxc4 Nf6 11. O-O Nbd7 12. Nbd2 Be7 13. Qe2 O-O 14. Bb2 c5
15. Nb3 Qc7 16. Rc1 Rc8 17. Ba3 Qa7 18. Ra1 Qc7 19. Rc1 Qa7 20. Ra1 Qc7 21. Rc1
Qa7 22. Ra1 1/2-1/2

[Event "Europa ch Femenino 2013"]
[Site "Belgrado SER"]
[Date "2013.08.02"]
[Round "10.70"]
[White "Imeeva, Aisa"]
[Black "Jacimovic, Sara"]
[Result "1-0"]
[WhiteElo "2079"]
[BlackElo "1971"]
[PlyCount "107"]
[EventDate "2013.07.23"]
[EventType "swiss"]
[EventRounds "11"]
[EventCountry "SER"]
[Source "lmi"]
[SourceDate "2013.07.22"]

1. e4 e5 2. Nf3 Nc6 3. Nc3 g6 4. Bc4 Bg7 5. O-O Nf6 6. d3 d6 7. h3 O-O 8. Bg5
h6 9. Be3 Kh7 10. Nh2 Nh5 11. Nd5 Ne7 12. c3 Nxd5 13. Bxd5 Qe8 14. g4 Nf4 15.
Bxf4 exf4 16. Qd2 g5 17. Bb3 Rh8 18. Nf3 Bf6 19. d4 Be6 20. Bc2 Kg8 21. Rfe1
Bg7 22. Kg2 Qc8 23. Nh2 c5 24. dxc5 dxc5 25. Qe2 Be5 26. Rh1 Qc6 27. Nf3 Bc7
28. c4 f6 29. Rad1 h5 30. gxh5 Bf7 31. e5 Bxe5 32. Be4 Qc7 33. Bd5 Re8 34. Qe4
Kg7 35. Bxf7 Qxf7 36. Qf5 Re7 37. h4 g4 38. Qxg4+ Kf8 39. Nxe5 Rxe5 40. Rd8+
Re8 41. Rxe8+ Qxe8 42. Qxf4 Qc6+ 43. Kh2 Rxh5 44. Rd1 Ke7 45. Qg4 Rh7 46. Re1+
Kf7 47. Rg1 Ke7 48. Rg3 Rf7 49. h5 Qd6 50. Kh3 f5 51. Qg6 Qd1 52. Re3+ Kf8 53.
Qh6+ Rg7 54. Qf6+ 1-0

[Event "Europa ch Femenino 2013"]
[Site "Belgrado SER"]
[Date "2013.08.02"]
[Round "10.71"]
[White "Injac, Teodora"]
[Black "Cemhan, Kardelen"]
[Result "1/2-1/2"]
[WhiteElo "1713"]
[BlackElo "2052"]
[PlyCount "67"]
[EventDate "2013.07.23"]
[EventType "swiss"]
[EventRounds "11"]
[EventCountry "SER"]
[Source "lmi"]
[SourceDate "2013.07.22"]

1. d4 d5 2. c4 dxc4 3. Nf3 a6 4. e3 b5 5. a4 Bb7 6. axb5 axb5 7. Rxa8 Bxa8 8.
b3 Nf6 9. bxc4 bxc4 10. Bxc4 e6 11. O-O Nbd7 12. Qe2 c5 13. Rd1 Qc7 14. Nc3 Be7
15. e4 cxd4 16. Nxd4 O-O 17. Ncb5 Qb7 18. f3 Ne5 19. Ba2 Rd8 20. Be3 Nc6 21.
Nxc6 Rxd1+ 22. Qxd1 Qxc6 23. Nd4 Qc3 24. Bf2 h6 25. Qc2 Qxc2 26. Nxc2 Bb7 27.
Bc4 Nd7 28. Bb5 Ne5 29. Bd4 Nc6 30. Be3 Ne5 31. Bd4 Nc6 32. Be3 Ne5 33. Bd4 Nc6
34. Be3 1/2-1/2

[Event "Europa ch Femenino 2013"]
[Site "Belgrado SER"]
[Date "2013.08.02"]
[Round "10.72"]
[White "Zivic, Radmila"]
[Black "Vrabic, Anita"]
[Result "1-0"]
[WhiteElo "2029"]
[BlackElo "2112"]
[PlyCount "61"]
[EventDate "2013.07.23"]
[EventType "swiss"]
[EventRounds "11"]
[EventCountry "SER"]
[Source "lmi"]
[SourceDate "2013.07.22"]

1. e4 c5 2. Nf3 Nc6 3. d4 cxd4 4. Nxd4 Nf6 5. Nc3 d6 6. Bg5 a6 7. Qd2 Qb6 8.
Nb3 e6 9. Bxf6 gxf6 10. f4 Be7 11. O-O-O Qc7 12. a4 O-O 13. Bd3 Kh8 14. Kb1 Rg8
15. Rhf1 Rg7 16. Rf3 Bd7 17. Rh3 Rc8 18. Rh5 Nb4 19. Qf2 Bc6 20. Bf1 d5 21. e5
f5 22. h3 Be8 23. Rh6 Nc6 24. g4 fxg4 25. hxg4 Nb4 26. g5 b5 27. Qh2 bxa4 28.
Bd3 Nxd3 29. Rh1 Bxg5 30. Rxh7+ Kg8 31. Rh8# 1-0